000 00644nam a22001457a 4500
020 _a0-590-99730-0
082 _a823
_bAPP/A
100 _aAPPLEGATE, K A
245 _aANIMORPHS
_bTHE ANDROID
260 _aNEW YORK
_bSCHOLASTIC INC
_c1997
300 _a170
520 _aThe Animorphs arrive at Erek's house, Rachel (in grizzly bear morph) and Tobias stay outside as backup, while Jake, Marco, Cassie, and Ax (in human morph) enter where they meet Erek's dad, and he shows them down to the basement, which starts going down underground like an elevator, to a huge underground park filled ...
650 _aADVENTURE
_zUNITED STATES
942 _cBK
999 _c5966
_d5966